Welcome to CU Library Online Public Access Catalogue (OPAC)

The educator's guide to preventing and solving discipline problems / (Record no. 7428)

MARC details
000 -LEADER
fixed length control field 00883cam a22002294a 4500
001 - CONTROL NUMBER
control field 14078750
005 - DATE AND TIME OF LATEST TRANSACTION
control field 20250902100328.0
008 - FIXED-LENGTH DATA ELEMENTS--GENERAL INFORMATION
fixed length control field 050818s2005 vaua b 001 0 eng
020 ## - INTERNATIONAL STANDARD BOOK NUMBER
International Standard Book Number 1416602372
Qualifying information pbk. : alk. paper
020 ## - INTERNATIONAL STANDARD BOOK NUMBER
International Standard Book Number 9781416602378
Qualifying information (pbk. : alk. paper)
050 00 - LIBRARY OF CONGRESS CALL NUMBER
Classification number LB3011
Item number .B63 2005
082 00 - DEWEY DECIMAL CLASSIFICATION NUMBER
Classification number 371.102/4
Edition information 22
100 1# - MAIN ENTRY--PERSONAL NAME
Personal name Boynton, Mark,
Dates associated with a name 1947-
245 14 - TITLE STATEMENT
Title The educator's guide to preventing and solving discipline problems /
Statement of responsibility, etc. Mark Boynton & Christine Boynton.
260 ## - PUBLICATION, DISTRIBUTION, ETC.
Place of publication, distribution, etc. Alexandria, Va. :
Name of publisher, distributor, etc. Association for Supervision and Curriculum Development,
Date of publication, distribution, etc. c2005.
300 ## - PHYSICAL DESCRIPTION
Extent vii, 178 p. :
Other physical details ill. ;
Dimensions 24 cm.
650 #0 - SUBJECT ADDED ENTRY--TOPICAL TERM
Topical term or geographic name entry element School discipline
Geographic subdivision United States.
650 #0 - SUBJECT ADDED ENTRY--TOPICAL TERM
Topical term or geographic name entry element Classroom management
Geographic subdivision United States.
700 1# - ADDED ENTRY--PERSONAL NAME
Personal name Boynton, Christine,
Dates associated with a name 1947-
856 41 - ELECTRONIC LOCATION AND ACCESS
Materials specified Table of contents
Uniform Resource Identifier <a href="http://www.loc.gov/catdir/toc/ecip0517/2005024033.html">http://www.loc.gov/catdir/toc/ecip0517/2005024033.html</a>
942 ## - ADDED ENTRY ELEMENTS (KOHA)
Source of classification or shelving scheme Library of Congress Classification
Koha item type Books
Suppress in OPAC No
999 ## -
-- 7428
-- 7428
Holdings
Withdrawn status Lost status Source of classification or shelving scheme Damaged status Not for loan Collection Home library Current library Shelving location Date acquired Total checkouts Full call number Barcode Date last seen Copy number Price effective from Koha item type
    Library of Congress Classification     Non-fiction Undergraduate Library (Christ Temple) Undergraduate Library (Christ Temple) General stacks 09/02/2025   LR3011.B63 BOX ulct00004576 09/02/2025 1 09/02/2025 Books
© 2023-2024 Copyright: Central University Libraries. All Rights Reserved | Created by: Mahone Tech Office